| Tag |
First Indicator |
Second Indicator |
Subfields |
| LEADER |
00000cam a2200000 a 4500 |
| 001 |
in00000076647 |
| 005 |
20151008053732.0 |
| 008 |
781001s1973 maua b 10000 eng d |
| 035 |
|
|
|a (OCoLC)04264255
|
| 035 |
|
|
|9 AAH8467AM
|
| 040 |
|
|
|a COD
|c COD
|d m.c.
|d OCL
|d TXA
|d UtOrBLW
|
| 043 |
|
|
|a n-us---
|
| 049 |
|
|
|a TXAM
|c [387242]
|
| 090 |
|
|
|a HG3701
|b .C73 1973
|
| 090 |
|
|
|a HG3711.U52
|b C7
|
| 245 |
0 |
0 |
|a Credit allocation techniques and monetary policy :
|b proceedings of a conference, held at Melvin Village, New Hampshire, June 1973 /
|c sponsored by the Federal Reserve Bank of Boston.
|
| 264 |
|
1 |
|a Boston :
|b Federal Reserve Bank of Boston,
|c [1973?]
|
| 300 |
|
|
|a 234 pages :
|b illustrations ;
|c 23 cm.
|
| 336 |
|
|
|a text
|b txt
|2 rdacontent
|
| 337 |
|
|
|a unmediated
|b n
|2 rdamedia
|
| 338 |
|
|
|a volume
|b nc
|2 rdacarrier
|
| 490 |
1 |
|
|a Conference series / Federal Reserve Bank of Boston ;
|v no. 11
|
| 500 |
|
|
|a On cover: Conference held in September, 1973.
|
| 504 |
|
|
|a Includes bibliographical references.
|
| 650 |
|
0 |
|a Credit control
|z United States
|x Congresses.
|
| 650 |
|
0 |
|a Monetary policy
|z United States
|v Congresses.
|
| 710 |
2 |
|
|a Federal Reserve Bank of Boston.
|
| 830 |
|
0 |
|a Conference series (Federal Reserve Bank of Boston) ;
|v no. 11.
|
| 999 |
|
|
|a MARS
|
| 999 |
f |
f |
|s 0d9e97a3-8b31-3bd6-aae3-cd293e8492e5
|i 3cfefb74-dc39-360a-9a81-623f02c54536
|t 0
|
| 952 |
f |
f |
|p ric
|a Texas A&M University
|b Rellis Campus
|c Joint Library Facility
|d Remote Storage
|t 0
|e HG3711.U52 C7
|h Library of Congress classification
|i unmediated -- volume
|m A14806137307
|
| 998 |
f |
f |
|a HG3711.U52 C7
|t 0
|l Remote Storage
|